书目信息 |
| 题名: |
广告创意思维78法
|
|
| 作者: | 王多明 著 | |
| 分册: | ||
| 出版信息: | 成都 四川大学出版社 1998.10 |
|
| 页数: | 444页 | |
| 开本: | 32开 | |
| 丛书名: | ||
| 单 册: | ||
| 中图分类: | F713.81 | |
| 科图分类: | ||
| 主题词: | 商业经济--国内 | |
| 电子资源: | ||
| ISBN: | 7-5614-1768-3 | |
| 000 | 00565nam0 2200193 45 | |
| 001 | 0008151646 | |
| 005 | 20000909084032.9 | |
| 010 | @a7-5614-1768-3@d20.00元 | |
| 100 | @a20000815d1998 km y0chiy0120 ea | |
| 101 | 0 | @achi |
| 105 | @a z 000yy | |
| 200 | 1 | @a广告创意思维78法@AGuang Gao Chuang Yi Si Wei 78 Fa@f王多明等著@FWang Duo Ming Deng Zhu |
| 210 | @a成都@c四川大学出版社@d1998.10 | |
| 215 | @a444页@d32开 | |
| 606 | 0 | @a商业经济@x国内 |
| 690 | @aF713.81@v3 | |
| 701 | 0 | @a王多明@4著 |
| 801 | @aCN@bPftUser@c20000815 | |
| 905 | @dF713.81@eW342@b130235-239@f5 | |
| 广告创意思维78法/王多明等著.-成都:四川大学出版社,1998.10 |
| 444页;32开 |
| ISBN 7-5614-1768-3:20.00元 |
| ● |
| 相关链接 |
|
|
|
正题名:广告创意思维78法
索取号:F713.81/W342
 
预约/预借
| 序号 | 登录号 | 条形码 | 馆藏地/架位号 | 状态 | 备注 |
| 1 | 130235 | 201302358 | 管理学院资料室/ [索取号:F713.81/W342] | 在馆 | |
| 2 | 130236 | 201302367 | 社科库409/ [索取号:F713.81/W342] | 在馆 | |
| 3 | 130237 | 201302376 | 社科二线422/422社科库 47排1列2层/ [索取号:F713.81/W342] | 在馆 | |
| 4 | 130238 | 201302385 | 管理学院资料室/ [索取号:F713.81/W342] | 在馆 | |
| 5 | 130239 | 201302394 | 社科库409/409社科库 44排7列2层/ [索取号:F713.81/W342] | 在馆 |